Deep Purple: Albums by Cover - Statistics

General Stats
  • This quiz has been taken 25 times
  • The average score is 13 of 23
Answer Stats
Picture Hint Answer % Correct
1972 Machine Head
100%
1970 Deep Purple in Rock
91%
1974 Burn
87%
1971 Fireball
87%
1974 Stormbringer
87%
1975 Come Taste the Band
78%
1984 Perfect Strangers
70%
1996 Purpendicular
57%
2003 Bananas
52%
1969 Deep Purple
52%
1968 Shades of Deep Purple
52%
1973 Who Do We Think We Are
52%
1968 The Book of Taliesyn
48%
1987 The House of Blue Light
48%
2013 Now What?!
43%
1993 The Battle Rages On...
43%
1998 Abandon
39%
2017 Infinite
39%
1990 Slaves and Masters
39%
2020 Whoosh!
39%
2024 =1
30%
2005 Rapture of the Deep
30%
2021 Turning to Crime
17%
No matching quizzes found
Score Distribution
Percent of People with Each Score
Percentile by Number Answered
Your Score History
You have not taken this quiz